| 000 | 00669nam a2200217Ia 4500 | ||
|---|---|---|---|
| 003 | GCL | ||
| 008 | 140319s9999 xx 000 0 ara d | ||
| 040 |
_aGCL / _cGCL |
||
| 082 | 0 | 4 |
_aق _b398.22 _bق ب |
| 100 | 1 | _aقاسم عبده قاسم | |
| 245 | 1 | 0 |
_aبين التاريخ والفلكلور / _cقاسم عبده قاسم |
| 260 |
_a[S.N] : _bعين للدراسات والبحوث الانسانية والاجتماعية ، _c1993 |
||
| 300 | _a196 ص | ||
| 490 | _a | ||
| 650 | 0 | 4 | _aمصر |
| 650 | 0 | 4 | _aتاريخ |
| 650 | 0 | 4 | _aالحروب الصليبية |
| 650 | 0 | 4 | _aالفولكلور |
| 650 | 0 | 4 | _aالادب الشعبى |
| 942 |
_2ddc _cBK |
||
| 999 |
_c30428 _d30428 |
||